Riešenie niektorých problémov súvisiacich s ekonomikou a financovaním správy vodných tokov a správy povodí
Problematika ekonomiky a financovania Slovenského vodohospodárskeho podniku, š.p. Banská Štiavnica, ktorý zabezpečuje správu vodných tokov a povodí. Problematika cien vo vodnom hospodárstve. Ceny povrchovej vody. Štruktúra výnosov a nákladov súvisiacich so správou vodných tokov a povodí za rok 2003.
Gespeichert in:
| 1. Verfasser: | |
|---|---|
| Format: | Buchkapitel |
| Sprache: | Slowakisch |
| Schlagworte: | |
| Tags: |
Keine Tags, Fügen Sie das erste Tag hinzu!
|
MARC
| LEADER | 00000naa$a2200000$$$4500 | ||
|---|---|---|---|
| 001 | 0001820 | ||
| 005 | 20230925120342.3 | ||
| 041 | 0 | |a slo | |
| 044 | |a SK | ||
| 245 | 1 | 0 | |a Riešenie niektorých problémov súvisiacich s ekonomikou a financovaním správy vodných tokov a správy povodí |c aut. Štefan Borušovič |
| 520 | |a Problematika ekonomiky a financovania Slovenského vodohospodárskeho podniku, š.p. Banská Štiavnica, ktorý zabezpečuje správu vodných tokov a povodí. Problematika cien vo vodnom hospodárstve. Ceny povrchovej vody. Štruktúra výnosov a nákladov súvisiacich so správou vodných tokov a povodí za rok 2003. | ||
| 610 | 2 | 0 | |a Slovensko |
| 610 | 2 | 0 | |a toky vodné |
| 610 | 2 | 0 | |a vodohospodárstvo |
| 610 | 2 | 0 | |a financovanie podnikov |
| 100 | 1 | |a Borušovič, Štefan | |